<?xml version="1.0" encoding="UTF-8"?><?xml-stylesheet type="text/xsl" href="static/style.xsl"?><OAI-PMH xmlns="http://www.openarchives.org/OAI/2.0/" xmlns:xsi="http://www.w3.org/2001/XMLSchema-instance" xsi:schemaLocation="http://www.openarchives.org/OAI/2.0/ http://www.openarchives.org/OAI/2.0/OAI-PMH.xsd"><responseDate>2026-04-17T05:41:28Z</responseDate><request verb="GetRecord" identifier="oai:www.recercat.cat:10230/52623" metadataPrefix="marc">https://recercat.cat/oai/request</request><GetRecord><record><header><identifier>oai:recercat.cat:10230/52623</identifier><datestamp>2025-12-24T08:34:04Z</datestamp><setSpec>com_2072_6</setSpec><setSpec>col_2072_452952</setSpec></header><metadata><record xmlns="http://www.loc.gov/MARC21/slim" xmlns:dcterms="http://purl.org/dc/terms/" xmlns:xsi="http://www.w3.org/2001/XMLSchema-instance" xmlns:doc="http://www.lyncode.com/xoai" xsi:schemaLocation="http://www.loc.gov/MARC21/slim http://www.loc.gov/standards/marcxml/schema/MARC21slim.xsd">
   <leader>00925njm 22002777a 4500</leader>
   <datafield ind2=" " ind1=" " tag="042">
      <subfield code="a">dc</subfield>
   </datafield>
   <datafield ind2=" " ind1=" " tag="720">
      <subfield code="a">Dessì, Roberto</subfield>
      <subfield code="e">author</subfield>
   </datafield>
   <datafield ind2=" " ind1=" " tag="720">
      <subfield code="a">Kharitonov, Eugene</subfield>
      <subfield code="e">author</subfield>
   </datafield>
   <datafield ind2=" " ind1=" " tag="720">
      <subfield code="a">Baroni, Marco</subfield>
      <subfield code="e">author</subfield>
   </datafield>
   <datafield ind2=" " ind1=" " tag="260">
      <subfield code="c">2022-03-04T06:49:20Z</subfield>
   </datafield>
   <datafield ind2=" " ind1=" " tag="260">
      <subfield code="c">2022-03-04T06:49:20Z</subfield>
   </datafield>
   <datafield ind2=" " ind1=" " tag="260">
      <subfield code="c">2021</subfield>
   </datafield>
   <datafield ind2=" " ind1=" " tag="520">
      <subfield code="a">Comunicació presentada a la 35th Conference on Neural Information Processing Systems (NeurIPS 2021) celebrada del 6 a 14 de desembre de 2021 de manera virtual.</subfield>
   </datafield>
   <datafield ind2=" " ind1=" " tag="520">
      <subfield code="a">Inclou material suplementari: Appendix to Interpretable agent communication from scratch (with a&#xd;
generic visual processor emerging on the side)</subfield>
   </datafield>
   <datafield ind2=" " ind1=" " tag="520">
      <subfield code="a">As deep networks begin to be deployed as autonomous agents, the issue of how&#xd;
they can communicate with each other becomes important. Here, we train two&#xd;
deep nets from scratch to perform large-scale referent identification through unsupervised&#xd;
emergent communication. We show that the partially interpretable&#xd;
emergent protocol allows the nets to successfully communicate even about object&#xd;
classes they did not see at training time. The visual representations induced as&#xd;
a by-product of our training regime, moreover, when re-used as generic visual&#xd;
features, show comparable quality to a recent self-supervised learning model. Our&#xd;
results provide concrete evidence of the viability of (interpretable) emergent deep&#xd;
net communication in a more realistic scenario than previously considered, as&#xd;
well as establishing an intriguing link between this field and self-supervised visual&#xd;
learning.</subfield>
   </datafield>
   <datafield tag="653" ind2=" " ind1=" ">
      <subfield code="a">Aprenentatge automàtic</subfield>
   </datafield>
   <datafield tag="653" ind2=" " ind1=" ">
      <subfield code="a">Xarxes neuronals (Informàtica)</subfield>
   </datafield>
   <datafield ind2="0" ind1="0" tag="245">
      <subfield code="a">Interpretable agent communication from scratch (with a generic visual processor emerging on the side)</subfield>
   </datafield>
</record></metadata></record></GetRecord></OAI-PMH>